<?xml version="1.0" encoding="UTF-8"?><?xml-stylesheet type="text/xsl" href="static/style.xsl"?><OAI-PMH xmlns="http://www.openarchives.org/OAI/2.0/" xmlns:xsi="http://www.w3.org/2001/XMLSchema-instance" xsi:schemaLocation="http://www.openarchives.org/OAI/2.0/ http://www.openarchives.org/OAI/2.0/OAI-PMH.xsd"><responseDate>2026-06-03T22:43:19Z</responseDate><request verb="GetRecord" identifier="oai:riuma.uma.es:10630/39130" metadataPrefix="marc">https://riuma.uma.es/rest/oai/request</request><GetRecord><record><header><identifier>oai:riuma.uma.es:10630/39130</identifier><datestamp>2026-02-03T11:43:25Z</datestamp><setSpec>com_10630_2254</setSpec><setSpec>col_10630_37956</setSpec></header><metadata><record xmlns="http://www.loc.gov/MARC21/slim" xmlns:dcterms="http://purl.org/dc/terms/" xmlns:doc="http://www.lyncode.com/xoai" xmlns:xsi="http://www.w3.org/2001/XMLSchema-instance" xsi:schemaLocation="http://www.loc.gov/MARC21/slim http://www.loc.gov/standards/marcxml/schema/MARC21slim.xsd">
   <leader>00925njm 22002777a 4500</leader>
   <datafield ind2=" " ind1=" " tag="042">
      <subfield code="a">dc</subfield>
   </datafield>
   <datafield ind2=" " ind1=" " tag="720">
      <subfield code="a">Ramírez-González, Sergio</subfield>
      <subfield code="e">author</subfield>
   </datafield>
   <datafield ind2=" " ind1=" " tag="260">
      <subfield code="c">2021</subfield>
   </datafield>
   <datafield ind2=" " ind1=" " tag="520">
      <subfield code="a">Dentro de las tipologías arquitectónicas religiosas iberoamericanas adquieren una enorme originalidad las capillas posas y las capillas de indios; soluciones que entroncan con el papel desempeñado en los conventos por las órdenes religiosas de cara a afrontar la evangelización masiva de indígenas y proyectar los ritos litúrgicos y paralitúrgicos. Tales capillas no solo determinan una cierta singularidad, sino que patentizan una doble influencia artística, entre Europa y América, con dirección de ida y vuelta. El presente trabajo tratará de abordar los paralelos españoles de tales referentes en las capillas abiertas callejeras que jalonaban el parcelario urbano a lo largo de los siglos XVII y XVIII, bajo una utilidad múltiple que oscilaba desde el atractivo devocional a la parada preceptiva durante las procesiones, y la sacralización y protección general del entramado viario.</subfield>
   </datafield>
   <datafield ind1="8" ind2=" " tag="024">
      <subfield code="a">Ramírez González, Sergio: "Capillas posas y de indios. El reflejo de una tipología arquitectónica iberoamericana en la España de la Edad Moderna", en Horizontes del Barroco. La cultura de un imperio. Santiago de Compostela-Sevilla, Andavira Editora-Universidad Pablo de Olavide, 2021, pp. 155-172.</subfield>
   </datafield>
   <datafield ind1="8" ind2=" " tag="024">
      <subfield code="a">http://hdl.handle.net/10433/14761</subfield>
   </datafield>
   <datafield ind1="8" ind2=" " tag="024">
      <subfield code="a">https://hdl.handle.net/10630/39130</subfield>
   </datafield>
   <datafield tag="653" ind2=" " ind1=" ">
      <subfield code="a">Capillas - América latina - S. XVII-XVIII</subfield>
   </datafield>
   <datafield tag="653" ind2=" " ind1=" ">
      <subfield code="a">Arquitectura religiosa - América Latina</subfield>
   </datafield>
   <datafield ind2="0" ind1="0" tag="245">
      <subfield code="a">Capillas posas y de indios. El reflejo de una tipología arquitectónica iberoamericana en la España de la Edad Moderna.</subfield>
   </datafield>
</record>
</metadata></record></GetRecord></OAI-PMH>